000 00227nam a22000857a 4500
008 160629b xxu||||| |||| 00| 0 eng d
100 _91404
_aMinhas, G., et al
245 _aOperate Computers Yourself
260 _aN.D
_b Dreamland
_c2000
999 _c1161
_d1161